000 00239nam a22000857a 4500
008 160704b xxu||||| |||| 00| 0 eng d
100 _91907
_a Singh, R
245 _aSchool Organisation & Administration
260 _aNew Delhi
_bCommon Wealth
_c2005
999 _c1609
_d1609